Statistics for NFL Rookie offensive player of the Season

Click here to take the quiz!

General Stats

  • This quiz has been taken 355 times
  • The average score is 7 of 15

Answer Stats

Answer% Correct
Panthers 2011Cam Newton
97%
Vikings 2007Adrian Peterson
86%
Falcons 2008Matt Ryan
78%
Rams 2010Sam Bradford
76%
Steelers 2004Ben Roethlisberger
62%
Titans 2006Vince Young
53%
Vikings 1998Randy Moss
50%
Vikings 2009Percy Harvin
41%
Colts 1999Edgerrin James
27%
Cardinals 2003Anquan Boldin
26%
Broncos 2002Clinton Portis
23%
Buccaneers 1997Warrick Dunn
16%
Buccaneers 2005Carnell Williams
10%
Broncos 2000Mike Anderson
10%
Bears 2001Anthony Thomas
5%

Score Distribution

Percentile by Number Answered

Percent of People with Each Score

Your Score History

You have not taken this quiz